Work-life Balance and Career Progression: Perceptions of Maternal Workforce in the Higher Educational Institutes/ (Record no. 611953)
[ view plain ]
| 000 -LEADER | |
|---|---|
| fixed length control field | 00589nam a22001697a 4500 |
| 003 - CONTROL NUMBER IDENTIFIER | |
| control field | NUST |
| 038 ## - RECORD CONTENT LICENSOR | |
| Staff Name | Nusrat Nadeem |
| 082 ## - DEWEY DECIMAL CLASSIFICATION NUMBER | |
| Classification number | 200 |
| 100 ## - MAIN ENTRY--PERSONAL NAME | |
| Personal name | Gul, Rida |
| 245 ## - TITLE STATEMENT | |
| Title | Work-life Balance and Career Progression: Perceptions of Maternal Workforce in the Higher Educational Institutes/ |
| Statement of responsibility, etc. | Rida Gul, |
| 264 ## - PRODUCTION, PUBLICATION, DISTRIBUTION, MANUFACTURE, AND COPYRIGHT NOTICE | |
| Place of production, publication, distribution, manufacture | Islamabad; |
| Name of producer, publisher, distributor, manufacturer | S3H NUST; |
| Date of production, publication, distribution, manufacture, or copyright notice | 2024. |
| 300 ## - PHYSICAL DESCRIPTION | |
| Extent | 133,p; |
| Other physical details | ill; |
| Dimensions | 30,cm. |
| 650 ## - SUBJECT ADDED ENTRY--TOPICAL TERM | |
| Topical term or geographic name entry element | MS-Career Counselling and Education |
| 700 ## - ADDED ENTRY--PERSONAL NAME | |
| Personal name | Supervisor: Ms. Nadia Jahan |
| 856 ## - ELECTRONIC LOCATION AND ACCESS | |
| Uniform Resource Identifier | <a href=" http://10.250.8.41:8080/xmlui/handle/123456789/46937"> http://10.250.8.41:8080/xmlui/handle/123456789/46937</a> |
| 942 ## - ADDED ENTRY ELEMENTS (KOHA) | |
| Source of classification or shelving scheme | |
| Koha item type | Soft Copy |
| Withdrawn status | Permanent Location | Current Location | Shelving location | Date acquired | Full call number | Barcode | Koha item type |
|---|---|---|---|---|---|---|---|
| Central Library (CL) | Central Library (CL) | Thesis | 10/02/2024 | 200 | CL-T-7347 | Soft Copy |
